| 000 | 00726nam a2200217 i 4500 | ||
|---|---|---|---|
| 001 | 106972 | ||
| 003 | ES-MaACL | ||
| 005 | 20250812032917.0 | ||
| 008 | 061121s1948 sp a |||| | spa d | ||
| 100 | 1 |
_aMoreno Villa, José, _d1887-1955 _983443 |
|
| 245 | 1 | 0 |
_aLo mexicano en las artes plásticas / _cJosé Moreno Villa. |
| 250 | _a1ª ed. | ||
| 260 |
_aMéxico : _bEl Colegio de México, _c1948. |
||
| 300 |
_a174 p. : _bil. ; _c24 cm. |
||
| 490 | 1 |
_aEnsayos críticos sobre arte mexicano ; _v2 |
|
| 650 | 7 |
_aArte mexicano _2embne _9157024 |
|
| 710 | 2 |
_aColegio de México. _92911 |
|
| 830 | 0 |
_aEnsayos críticos sobre arte mexicano ; _v2 _9232872 |
|
| 852 |
_aES-MaACL _jA-176 |
||
| 999 |
_c106972 _d106972 |
||